00978nam a2200289uu 4500001000800000005001700008007001000025008004100035035001200076040001300088041000800101082000800109100005200117245013500169260005300304300001300357650002400370650005300394650002600447650005500473650002200528651004300550700003600593700003900629502001200668526000800680125292820260508071425.0co|||||||110822s2006 spa  a1252928 ccomduadb aspa 4a15510aMontoya Hernández, Mónica María4auteaut10aRepresentación social de la mujer en el Carmen de Viboral, con respecto a la sexualidad, la participación social e intelectual aEl Carmen de Viboral :b[sin publicador],c2006. a1 CD-ROM aMujeres - Antioquia aRepresentaciones sociales - Antioquia (Colombia) aSexualidad - Colombia 7aParticipación socialzAntioquia (Colombia)2lemb aGenero - Colombia 7aEl Carmen de Viboral (Antioquia)2lemb10aOsorio Orozco, Gladis4auteaut10aFederman Muñoz, José4thseths b105c12 a106